دروس في قضاء المسئولية الإدارية / (Record no. 25536)
[ view plain ]
| 000 -الفاتح | |
|---|---|
| حقل البيانات ثابتة الطول | 01549nam a22003375a 4500 |
| 003 - محدد رقم الضبط | |
| رقم الضبط | EG-ScBUE |
| 005 - وقت وتاريخ اخر تعامل مع التسجيلة | |
| رقم الضبط | 20210809111200.0 |
| 008 - عناصر البيانات ثابتة الطول - معلومات عامة | |
| حقل البيانات ثابتة الطول | 171101s1991 ua f b 000 0 ara d |
| 017 ## - رقم الإيداع القانونى | |
| رقم الإيداع القانونى | 1991 / 3320 |
| 020 ## - الرقم الدولى المعيارى للكتب | |
| الرقم الدولى المعيارى للكتاب | 977514910X |
| 040 ## - مصدر الفهرسة | |
| وكالة الفهرسة الأصلية | EG-ScBUE |
| لغة الفهرسة | ara |
| قواعد الوصف | rda |
| وكالة النسخ | EG-ScBUE |
| وكالة التعديل | EG-ScBUE |
| 043 ## - رمز المنطقة الجغرافية | |
| رمز المنطقة الجغرافية | f-ua--- |
| -- | e-fr--- |
| 082 04 - رقم تصنيف ديوى العشرى | |
| رقم التصنيف | 347.6209 |
| رقم المادة | ف و د |
| رقم الطبعة | 22 |
| 100 1# - المدخل الرئيسى - إسم شخصى | |
| الإسم الشخصى | فودة، رأفت، |
| الدور | مؤلف. |
| 245 10 - بيان العنوان | |
| العنوان | دروس في قضاء المسئولية الإدارية / |
| بيان المسئوليه,etc | دكتور رأفت فودة، أستاذ ورئيس قسم القانون العام بكلية الحقوق-جامعة القاهرة والمحامي بالنقض والإدارية العليا. |
| 264 #1 - النشر، التوزيع | |
| مكان الناشر او الموزع | القاهرة : |
| اسم الناشر او الموزع | دار النهضة العربية، |
| تاريخ النشر أو التوزيع | 1991. |
| 300 ## - الوصف المادى | |
| التعداد | 244 صفحة ؛ |
| أبعاد الوعاء | 24 سم |
| 336 ## - نوع المحتوى | |
| source | rdacontent |
| Carrier Type Term | نص |
| Content Type Code | txt |
| 337 ## - نوع الوسيط | |
| source | rdamedia |
| Media Type Term | بدون وسيط |
| Media Type Code | n |
| 338 ## - نوع الحامل أو الناقل | |
| source | rdacarrier |
| Carrier Type Term | مجلد |
| Carrier Type Code | nc |
| 504 ## - تبصرة ببليوجرافية | |
| تبصرة ببليوجرافية,الخ | يشتمل على إرجاعات ببليوجرافية. |
| 541 ## - تبصرة المصدر المباشر للتزويد | |
| مصدر التزويد | Book fair 2021. |
| 650 #7 - المدخل الاضافى بالموضوع-مصطلح موضوعى | |
| مصطلح موضوعي أو اسم جغرافي كعنصر مدخل | المنازعات الإدارية |
| التقسيم الفرعي العام | قوانين وتشريعات |
| التقسيم الفرعي الجغرافي | مصر. |
| مصدر الرأس أو المصطلح | BUEsh |
| 9 (RLIN) | 27936 |
| 650 #7 - المدخل الاضافى بالموضوع-مصطلح موضوعى | |
| مصطلح موضوعي أو اسم جغرافي كعنصر مدخل | المنازعات الإدارية |
| التقسيم الفرعي العام | قوانين وتشريعات |
| التقسيم الفرعي الجغرافي | فرنسا. |
| مصدر الرأس أو المصطلح | BUEsh |
| 9 (RLIN) | 27936 |
| 650 #7 - المدخل الاضافى بالموضوع-مصطلح موضوعى | |
| مصطلح موضوعي أو اسم جغرافي كعنصر مدخل | المسئولية الإدارية |
| التقسيم الفرعي العام | قوانين وتشريعات |
| التقسيم الفرعي الجغرافي | مصر. |
| مصدر الرأس أو المصطلح | BUEsh |
| 650 #7 - المدخل الاضافى بالموضوع-مصطلح موضوعى | |
| مصطلح موضوعي أو اسم جغرافي كعنصر مدخل | المسئولية الإدارية |
| التقسيم الفرعي العام | قوانين وتشريعات |
| التقسيم الفرعي الجغرافي | فرنسا. |
| مصدر الرأس أو المصطلح | BUEsh |
| 651 ## - المدخل الاضافى بالموضوع - اسم جغرافى | |
| مصدر الرأس أو المصطلح | BUEsh |
| 653 ## - مصطلح تكشيفى غير مقيد | |
| Resource For college | Law |
| Arrived date list | November2017 |
| 655 ## - مصطلح تكشيفى-نوع/شكل | |
| التقسيم الفرعي الشكلي | Reading book |
| -- | 34232 |
| 942 ## - عناصر المدخل الإضافي( كوها) | |
| مصدر التصنيف او مخطط الترفيف | Dewey Decimal Classification |
| حالة التراجع | حالة الفقد | مصدر التصنيف او خطة الترفيف | حالة تلف | ليس للاعارة | مجموعات كوها | المكان الدائم | المكان الحالي | موقع الترفيف | تاريخ الاكتساب | Source of acquisition | سعر الشراء الطبيعي | رقم الاستدعاء | الباركود | Date last seen | نوع الوعاء | تعداد مسلسل / التسلسل الزمني | التكلفة |
|---|---|---|---|---|---|---|---|---|---|---|---|---|---|---|---|---|---|
| Dewey Decimal Classification | Baccah | Central Library | Central Library | First floor | 01/11/2017 | Purchase | 60.00 | 347.6209 ف و د | 000042365 | 15/07/2025 | Book - Borrowing | ||||||
| Dewey Decimal Classification | Baccah | Central Library | Central Library | First floor | 01/11/2017 | Purchase | 347.6209 ف و د | 000042366 | 15/07/2025 | Book - Borrowing | |||||||
| Dewey Decimal Classification | Baccah | Central Library | Central Library | First floor | 01/11/2017 | Purchase | 347.6209 ف و د | 000042367 | 15/07/2025 | Book - Borrowing | |||||||
| Dewey Decimal Classification | Baccah | Central Library | Central Library | First floor | 09/08/2021 | Purchase | 60.00 | 347.6209 ف و د | 000050512 | 15/07/2025 | NB - Book (Non borrowing) | 35755 | 75.00 |